00504 2200169 4500001002100000005001500021035002000036007000300056008003900059082000700098084001300105100001800118245011400136260004600250650002300296990001500319INLIS00000000000988820260415091405 a0010-0426000236ta260415 | | |  a11 a11 WIR k0 aWIRNA SAFITRI1 aKUALITAS PELAYANAN PUBLIK DI RUMAH SAKIT UMUM DAERAH (RSUD) KUALA PEMBUANG KABUPATEN SERUYAN /cWIRNA SAFITRI aPALANGKA RAYA :bPERPUSTAKAAN UMPR,c2026 4aKUALITAS PELAYANAN a2411130312